FIRST HANDBOOK OF PSYCHOLOGICAL AND SOCI (Record no. 17415)

MARC details
000 -LEADER
fixed length control field 00368nam a2200133Ia 4500
008 - FIXED-LENGTH DATA ELEMENTS--GENERAL INFORMATION
fixed length control field 240624s9999 xx 000 0 und d
041 ## - LANGUAGE CODE
Language code of text/sound track or separate title eng
082 ## - DEWEY DECIMAL CLASSIFICATION NUMBER
Classification number 155.283 PAR
100 ## - MAIN ENTRY--PERSONAL NAME
Personal name PAREEK UDAI
245 ## - TITLE STATEMENT
Title FIRST HANDBOOK OF PSYCHOLOGICAL AND SOCI
260 ## - PUBLICATION, DISTRIBUTION, ETC.
Date of publication, distribution, etc. 1992
Place of publication, distribution, etc. New Delhi
Name of publisher, distributor, etc. Concept Publishing Company (p) Ltd
300 ## - PHYSICAL DESCRIPTION
Extent 422 : p. : cm. ; 20
365 ## - TRADE PRICE
Currency code RS
Price amount 25
Holdings
Withdrawn status Lost status Damaged status Not for loan Home library Current library Shelving location Date acquired Source of acquisition Cost, normal purchase price Full call number Barcode Date last seen Copy number Price effective from Koha item type
        IMTN IMTN Rack 1-B 07/27/2011 BWE 500.00 155.283 PAR 17415 06/24/2024 1 06/24/2024 Books
Designed & Maintained by: LRC IMT Nagpur Contact: lrc@imtnag.ac.in© 2024. All Rights Reserved.